|
|
|
|
| LEADER |
00771nab a2200205 i 4500 |
| 001 |
misc47989 |
| 005 |
20211025161013.0 |
| 008 |
200414s1988 hu o 0|| hun d |
| 022 |
|
|
|a 0133-0853
|
| 040 |
|
|
|a SZTE Miscellanea Repozitórium
|b hun
|
| 041 |
|
|
|a hun
|
| 100 |
1 |
|
|a Nádor Tamás
|
| 245 |
1 |
0 |
|a Kristó Gyula
|h [elektronikus dokumentum] :
|b A vármegyék kialakulása Magyarországon [könyvismertetés] /
|c Nádor Tamás
|
| 260 |
|
|
|a Magyar Könyvkiadók és Könyvterjesztők Egyesülete
|b Budapest
|c 1988
|
| 300 |
|
|
|a 5
|
| 490 |
0 |
|
|a Könyvvilág
|v 33 No. 6
|
| 561 |
|
|
|a Kristó Gyula újságkivágatok
|
| 695 |
|
|
|a Magyarország története - vármegyék - interjú
|
| 700 |
0 |
1 |
|a Kristó Gyula
|
| 856 |
4 |
0 |
|u http://misc.bibl.u-szeged.hu/47989/1/033.pdf
|z Dokumentum-elérés
|